Metódy a techniky rozvoja organizácie organizačná príručka

Salvato in:
Dettagli Bibliografici
Autore principale: Huska, Augustín
Natura: Libro
Lingua:slovacco
Pubblicazione: Bratislava Alfa 1984
Serie:Redakcia interných publikácií
Tags: Aggiungi Tag
Nessun Tag, puoi essere il primo ad aggiungerne!!

MARC

LEADER 00000nam a2200000 4500
001 c115836
005 20041019155202.6
041 0 |a slo 
044 |a SK 
245 1 0 |a Metódy a techniky rozvoja organizácie  |b organizačná príručka  |c Augustín Huska 
264 1 |a Bratislava  |b Alfa  |c 1984 
300 |a 267 s.  |e 16 s. príl 
490 1 |a Redakcia interných publikácií 
830 0 |a Redakcia interných publikácií 
100 1 |a Huska, Augustín